<?xml version="1.0" encoding="UTF-8"?>
<collection xmlns="http://www.loc.gov/MARC21/slim">
 <record>
  <leader>     na                 </leader>
  <controlfield tag="001">INLIS000000000017376</controlfield>
  <controlfield tag="005">20150112173832.0</controlfield>
  <datafield tag="020" ind1=" " ind2=" ">
   <subfield code="a">978-602-96198-2-9</subfield>
  </datafield>
  <datafield tag="035" ind1=" " ind2=" ">
   <subfield code="a">0010-011500000010149</subfield>
  </datafield>
  <datafield tag="082" ind1=" " ind2=" ">
   <subfield code="a">793.3</subfield>
  </datafield>
  <datafield tag="100" ind1=" " ind2=" ">
   <subfield code="a">Siswanto, S.Pd , Eko Prasetyo, S.Pd</subfield>
  </datafield>
  <datafield tag="245" ind1=" " ind2=" ">
   <subfield code="a">Tradisi Kebo-Keboan aliyan &amp; Kebo-Keboan Alasmalang</subfield>
  </datafield>
  <datafield tag="250" ind1=" " ind2=" ">
   <subfield code="a">Cet.I</subfield>
  </datafield>
  <datafield tag="260" ind1=" " ind2=" ">
   <subfield code="a">Banyuwangi</subfield>
   <subfield code="b">Dinas Kebudayaan Dan Pariwisata kabupaten Banyuwangi</subfield>
   <subfield code="c">2009</subfield>
  </datafield>
  <datafield tag="300" ind1=" " ind2=" ">
   <subfield code="a">xi+ 161 hlm.; ilus.; tabel.; 13,5 x 20,5 cm</subfield>
   <subfield code="c">13,5 x 20,5 cm</subfield>
  </datafield>
 </record>
</collection>
